Normal view MARC view

Entry Personal Name

Number of records used in: 1

001 - CONTROL NUMBER

  • control field: 1171575

003 - CONTROL NUMBER IDENTIFIER

  • control field: OSt

005 - DATE AND TIME OF LATEST TRANSACTION

  • control field: 20260324123751.0

008 - FIXED-LENGTH DATA ELEMENTS

  • fixed length control field: 260324|| aca||aabn | a|a d

040 ## - CATALOGING SOURCE

  • Original cataloging agency: OSt
  • Transcribing agency: OSt

100 ## - HEADING--PERSONAL NAME

  • Personal name: C.A.M. Klerks-van de Nouland; H.J.M van Sten-van 't Hoff

670 ## - SOURCE DATA FOUND

  • Source citation: Work cat.: (OSt)1765371: C.A.M. Klerks-van de Nouland; H.J.M van Sten-van 't Hoff, Introduction to the Accounting Process
Copyright @ Delhi University Library System